[Event "M.Botvinnik Memorial 2012"]
[Site "St. Petersburg, Russia"]
[Date "2012.08.26"]
[Round "2.47"]
[White "Alekseenko, Kirill"]
[Black "Markevich, Ilya"]
[Result "1-0"]
[WhiteElo "2430"]
[BlackElo "2210"]
[PlyCount "89"]
[EventDate "2012.08.25"]

1. e4 c5 2. Nf3 e6 3. d4 cxd4 4. Nxd4 Nc6 5. Nc3 Qc7 6. Be2 a6 7. O-O Nf6 8.
Be3 Bb4 9. Na4 O-O 10. Nxc6 bxc6 11. Nb6 Rb8 12. Nxc8 Rfxc8 13. Bxa6 Rf8 14.
Bd3 Bd6 15. f4 e5 16. b3 exf4 17. Bd4 f3 18. e5 Bxe5 19. Bxe5 f2+ 20. Rxf2 Qxe5
21. Rf1 d5 22. Qf3 Ne4 23. Qf4 Qd4+ 24. Kh1 f5 25. Rad1 Qc5 26. a4 Rb4 27. Bxe4
Rxe4 28. Qf2 Qxf2 29. Rxf2 g6 30. Kg1 Kf7 31. Kf1 Ke6 32. Re2 Kd6 33. Rxe4
fxe4+ 34. Ke2 c5 35. a5 Ra8 36. Ra1 Kc6 37. Ke3 Kb5 38. c3 Rxa5 39. c4+ dxc4
40. bxc4+ Kb4 41. Rxa5 Kxa5 42. Kxe4 Ka4 43. Kd5 Kb4 44. g3 h6 45. h3 1-0

[Event "M.Botvinnik Memorial 2012"]
[Site "St. Petersburg, Russia"]
[Date "2012.08.26"]
[Round "2.48"]
[White "Panov, Ivan"]
[Black "Smirnov, Artem"]
[Result "0-1"]
[WhiteElo "2033"]
[BlackElo "2425"]
[PlyCount "88"]
[EventDate "2012.08.25"]

1. e4 c5 2. Ne2 d6 3. g3 d5 4. Nec3 d4 5. Ne2 Nc6 6. d3 h5 7. h3 e5 8. Bg2 Bd6
9. O-O h4 10. g4 g5 11. c3 Be6 12. Qa4 f6 13. b4 Qd7 14. bxc5 Bxc5 15. Ba3 Bxa3
16. Nxa3 dxc3 17. Nxc3 Nge7 18. Rfd1 Rd8 19. Rab1 b6 20. Nc2 Kf7 21. Ne3 Nd4
22. Qa3 Rc8 23. Kh1 Rc5 24. Ncd5 Rhc8 25. Rbc1 Ng6 26. Rxc5 Rxc5 27. Rc1 Rxc1+
28. Qxc1 Nf4 29. Qa3 Nb5 30. Qb3 Qc6 31. Qb4 Qc5 32. Qxc5 bxc5 33. Bf1 Nd4 34.
Nc3 Ke7 35. Nc4 Nf3 36. Nb5 Ne1 37. Nxa7 Nexd3 38. Bxd3 Nxd3 39. Nd2 Bxa2 40.
Kg2 Nf4+ 41. Kh2 c4 42. Nb5 Ne2 43. Nf1 c3 44. Ne3 Bb3 0-1

[Event "M.Botvinnik Memorial 2012"]
[Site "St. Petersburg, Russia"]
[Date "2012.08.26"]
[Round "2.49"]
[White "Lovkov, Roman"]
[Black "Ljubarov, Mark"]
[Result "1-0"]
[WhiteElo "2424"]
[BlackElo "2158"]
[PlyCount "91"]
[EventDate "2012.08.25"]

1. d4 Nf6 2. c4 g6 3. Nc3 Bg7 4. e4 d6 5. h3 O-O 6. Be3 e5 7. d5 Nbd7 8. Bd3
Nc5 9. Bc2 a5 10. Nge2 Nh5 11. Qd2 f5 12. exf5 Bxf5 13. Bxf5 gxf5 14. O-O-O a4
15. g4 Nf4 16. Nxf4 exf4 17. Bd4 fxg4 18. Bxg7 Kxg7 19. hxg4 Qf6 20. Rh5 Qg6
21. f3 Rae8 22. Rdh1 Re3 23. Qh2 Nd3+ 24. Kd2 Nxb2 25. Rxh7+ Kg8 26. Rh8+ Kg7
27. Rh7+ Kg8 28. Rh8+ Kg7 29. Qh7+ Qxh7 30. R1xh7+ Kg6 31. Rh6+ Kg7 32. R8h7+
Kg8 33. Rxc7 Rxf3 34. Ne4 Rf7 35. Rc8+ Rf8 36. Nf6+ Kg7 37. Rh7+ Kxf6 38. Rxf8+
Ke5 39. Re7+ Kd4 40. Ke2 Rc3 41. Rxf4+ Kc5 42. Rxb7 Nxc4 43. Rc7+ Kxd5 44. g5
Re3+ 45. Kf2 Rc3 46. Rcxc4 1-0

[Event "M.Botvinnik Memorial 2012"]
[Site "St. Petersburg, Russia"]
[Date "2012.08.26"]
[Round "2.50"]
[White "Fedoseeva, Valentina"]
[Black "Pakhomov, Egor"]
[Result "0-1"]
[WhiteElo "1957"]
[BlackElo "2417"]
[PlyCount "44"]
[EventDate "2012.08.25"]

1. e4 c5 2. Nf3 Nc6 3. Bb5 Nd4 4. Nxd4 cxd4 5. e5 Qc7 6. Qe2 e6 7. c3 Ne7 8.
O-O a6 9. Ba4 b5 10. Bb3 Bb7 11. cxd4 Qc6 12. f3 Nf5 13. Qf2 Nxd4 14. Kh1 Bc5
15. Qg3 Nf5 16. Qe1 h5 17. Nc3 h4 18. Ne4 Qxe4 19. fxe4 Ng3+ 20. Qxg3 hxg3 21.
h3 Bxe4 22. Bd1 Rxh3# 0-1

[Event "M.Botvinnik Memorial 2012"]
[Site "St. Petersburg, Russia"]
[Date "2012.08.26"]
[Round "2.51"]
[White "Hovhannisyan, Robert"]
[Black "Kaneyama, Men Cher"]
[Result "1-0"]
[WhiteElo "2612"]
[BlackElo "1955"]
[PlyCount "63"]
[EventDate "2012.08.25"]

1. e4 c6 2. d4 d5 3. exd5 cxd5 4. c4 e6 5. Nc3 Nf6 6. Nf3 Be7 7. cxd5 Nxd5 8.
Bd3 O-O 9. O-O Nd7 10. Nxd5 exd5 11. Re1 Nf6 12. Ne5 Bb4 13. Re3 Qb6 14. Bb1
Be6 15. Rb3 Qa5 16. a3 Bd6 17. Rxb7 Bxe5 18. dxe5 Ng4 19. Bd2 Qa6 20. Rb4 g6
21. Rxg4 Bxg4 22. Qxg4 Rfe8 23. Qd4 Qe2 24. Bc3 Qc4 25. Qxc4 dxc4 26. Bc2 Rad8
27. Re1 Re6 28. f4 Rde8 29. Kf2 Rb6 30. g4 Rb7 31. f5 Rb6 32. Kf3 1-0

[Event "M.Botvinnik Memorial 2012"]
[Site "St. Petersburg, Russia"]
[Date "2012.08.26"]
[Round "2.52"]
[White "Dvoirys, Semen I"]
[Black "Shulakova, Svetlana"]
[Result "1-0"]
[WhiteElo "2533"]
[BlackElo "2123"]
[PlyCount "63"]
[EventDate "2012.08.25"]

1. e4 c5 2. Nf3 e6 3. d4 cxd4 4. Nxd4 Nf6 5. Nc3 d6 6. g4 h6 7. h4 Nc6 8. Rg1
d5 9. exd5 Nxd5 10. Nxd5 exd5 11. Be3 Be7 12. g5 hxg5 13. hxg5 Rh4 14. Qd2 Bd7
15. O-O-O Rc8 16. f4 a6 17. Nxc6 Bxc6 18. Bg2 d4 19. Bxd4 Bxg2 20. Qxg2 Qc7 21.
Be5 Qc6 22. Qf2 Kf8 23. Kb1 Rh3 24. Rge1 Bc5 25. Qf1 Rh2 26. Qd3 Be7 27. Re2
Rxe2 28. Qxe2 f6 29. Bc3 b5 30. g6 b4 31. Re1 Bc5 32. Qh5 1-0

[Event "M.Botvinnik Memorial 2012"]
[Site "St. Petersburg, Russia"]
[Date "2012.08.26"]
[Round "2.53"]
[White "Nikomanis, Andreas"]
[Black "Yakovich, Yuri"]
[Result "0-1"]
[WhiteElo "2049"]
[BlackElo "2525"]
[PlyCount "80"]
[EventDate "2012.08.25"]

1. e4 c5 2. Nf3 e6 3. d4 cxd4 4. Nxd4 a6 5. Nc3 b5 6. Bd3 Qb6 7. Nf3 Qc7 8. O-O
Bb7 9. Qe2 Be7 10. Bd2 Nc6 11. a4 b4 12. Na2 Nf6 13. Qe1 Rb8 14. h3 O-O 15. e5
Nd5 16. Qe2 f6 17. exf6 Bxf6 18. Qe4 g6 19. Bh6 Bg7 20. Bxg7 Kxg7 21. Rfe1 Nf4
22. Nh4 Nxh3+ 23. gxh3 Rf4 24. Qe3 Rxh4 25. c3 Rf8 26. Be4 Rhf4 27. Re2 b3 28.
Nc1 Na5 29. Bxb7 Qxb7 30. Nd3 Nc4 31. Qc5 R4f5 32. Qe7+ R8f7 33. Qh4 Qf3 34.
Qd4+ Kg8 35. Re4 Qxh3 36. Rg4 Nd2 37. Rg3 Nf3+ 38. Rxf3 Qxf3 39. Ne5 Rg5+ 40.
Kf1 Rxe5 0-1

[Event "M.Botvinnik Memorial 2012"]
[Site "St. Petersburg, Russia"]
[Date "2012.08.26"]
[Round "2.54"]
[White "Goganov, Aleksey"]
[Black "Pen, Pyotr"]
[Result "1-0"]
[WhiteElo "2525"]
[BlackElo "2138"]
[PlyCount "147"]
[EventDate "2012.08.25"]

1. d4 f5 2. g3 Nf6 3. Bg2 g6 4. c4 Bg7 5. b4 Nc6 6. Bxc6 bxc6 7. Nf3 O-O 8. O-O
Ne4 9. Qc2 a5 10. bxa5 c5 11. Nbd2 cxd4 12. Nxe4 fxe4 13. Qxe4 d5 14. cxd5 Bf5
15. Qh4 Rxa5 16. Nxd4 Qxd5 17. Nxf5 Qxf5 18. Bd2 Bf6 19. Qc4+ Qd5 20. Rfc1 Qxc4
21. Rxc4 Ra3 22. Re1 Rxa2 23. Bf4 e5 24. Be3 Rf7 25. Kf1 Rb2 26. Rec1 Rb7 27.
R1c2 Kf8 28. Kg2 Ke8 29. h4 Rd7 30. Kf3 Be7 31. Ke4 Bd6 32. Ra2 Rd8 33. Kf3 Kd7
34. Kg4 Rf8 35. h5 Ke6 36. hxg6 hxg6 37. Rca4 Rf5 38. Ra8 Rb4+ 39. Kh3 Rf8 40.
R8a6 Rfb8 41. Rc2 Kd7 42. Raa2 Ke6 43. Kg2 Kd7 44. Bd2 Rb3 45. Bc3 Ke6 46. Ra4
R8b6 47. Rc4 R6b5 48. Bd2 Rb2 49. Kf3 Rxc2 50. Rxc2 c5 51. Kg4 Be7 52. e4 Rb6
53. f3 Rb3 54. f4 exf4 55. gxf4 Rb1 56. Be3 Rb4 57. Bxc5 Bxc5 58. Rxc5 Rxe4 59.
Kg5 Kf7 60. Rc7+ Kf8 61. Rc6 Re1 62. Kxg6 Rg1+ 63. Kf6 Ke8 64. Rc8+ Kd7 65. Rf8
Rg2 66. f5 Rg1 67. Kf7 Rg2 68. f6 Rg1 69. Ra8 Rg2 70. Ra1 Rg3 71. Rd1+ Kc8 72.
Kf8 Rg4 73. f7 Rg2 74. Rd6 1-0

[Event "M.Botvinnik Memorial 2012"]
[Site "St. Petersburg, Russia"]
[Date "2012.08.26"]
[Round "2.55"]
[White "Predke, Alexandr"]
[Black "Kazantsev, Alexandr"]
[Result "1-0"]
[WhiteElo "2483"]
[BlackElo "1960"]
[PlyCount "113"]
[EventDate "2012.08.25"]

1. e4 c5 2. Nf3 d6 3. d4 cxd4 4. Nxd4 Nf6 5. Nc3 a6 6. Be3 Nbd7 7. Be2 e6 8.
O-O b5 9. a4 b4 10. Nc6 Qc7 11. Nxb4 d5 12. Nd3 dxe4 13. Nf4 Bd6 14. g3 O-O 15.
a5 Bb4 16. Ra4 Bxc3 17. bxc3 Bb7 18. Rb4 e5 19. Nh5 Nd5 20. Bc4 N7f6 21. Bg5
Nxh5 22. Bxd5 Bxd5 23. Qxd5 Qxc3 24. Qxe4 Rac8 25. Rc1 h6 26. Be7 Rfe8 27. Qh4
Qd2 28. Rf1 g5 29. Qxh5 Rxe7 30. Rb6 Re6 31. Rxe6 fxe6 32. Qg6+ Kf8 33. Qf6+
Ke8 34. Qxe6+ Kd8 35. Qxa6 Rxc2 36. Qxh6 Rc1 37. Qh8+ Kd7 38. Qxe5 Rxf1+ 39.
Kxf1 Qd1+ 40. Kg2 g4 41. Qf5+ Kc7 42. h3 gxh3+ 43. Kxh3 Qh1+ 44. Kg4 Qd1+ 45.
f3 Kb7 46. Kh5 Qd6 47. f4 Ka8 48. g4 Qc6 49. g5 Qh1+ 50. Kg6 Qc6+ 51. Qf6 Qe8+
52. Kh6 Qc8 53. f5 Qc1 54. Qd8+ Ka7 55. f6 Qf4 56. Qe7+ Ka8 57. f7 1-0

[Event "M.Botvinnik Memorial 2012"]
[Site "St. Petersburg, Russia"]
[Date "2012.08.26"]
[Round "2.56"]
[White "Larin, Maxim"]
[Black "Tunik, Gennady"]
[Result "1/2-1/2"]
[WhiteElo "2131"]
[BlackElo "2456"]
[PlyCount "81"]
[EventDate "2012.08.25"]

1. d4 Nf6 2. c4 e6 3. Nf3 b6 4. g3 Ba6 5. Qc2 Bb7 6. Bg2 c5 7. d5 exd5 8. cxd5
Nxd5 9. O-O Nc7 10. Nc3 Be7 11. Rd1 Nc6 12. e4 O-O 13. Be3 Qe8 14. e5 Ne6 15.
Rd2 f5 16. Nd5 Kh8 17. Rad1 Rd8 18. h4 h6 19. Qa4 Qh5 20. Nf4 Nxf4 21. Qxf4 Qe8
22. Bf1 Nd4 23. Bxd4 cxd4 24. Rxd4 Bc5 25. R4d2 a5 26. Bc4 Bxf3 27. Qxf3 Qxe5
28. Rxd7 Rxd7 29. Rxd7 Qxb2 30. Kg2 Qe5 31. Rf7 Rxf7 32. Bxf7 Qe4 33. Qxe4 fxe4
34. Bd5 e3 35. fxe3 Bxe3 36. a4 g6 37. Kf3 Bc5 38. g4 Kg7 39. h5 gxh5 40. gxh5
Kf6 41. Kg4 1/2-1/2

[Event "M.Botvinnik Memorial 2012"]
[Site "St. Petersburg, Russia"]
[Date "2012.08.26"]
[Round "2.57"]
[White "Tseitlin, Mark D"]
[Black "Korchagina, Viktoria"]
[Result "1-0"]
[WhiteElo "2396"]
[BlackElo "2071"]
[PlyCount "35"]
[EventDate "2012.08.25"]

1. e4 c5 2. Nf3 Nc6 3. Bb5 d6 4. O-O Bd7 5. Re1 Nf6 6. c3 a6 7. Bxc6 Bxc6 8. d4
cxd4 9. cxd4 Bxe4 10. Nc3 Bxf3 11. Qxf3 Qd7 12. Bg5 O-O-O 13. b4 Kb8 14. b5 a5
15. b6 h6 16. Bxf6 gxf6 17. Qd5 Qc6 18. Qxa5 1-0

[Event "M.Botvinnik Memorial 2012"]
[Site "St. Petersburg, Russia"]
[Date "2012.08.26"]
[Round "2.58"]
[White "Vunder, Andrey"]
[Black "Panov, Konstantin"]
[Result "1-0"]
[WhiteElo "2248"]
[BlackElo "1604"]
[PlyCount "27"]
[EventDate "2012.08.25"]

1. d4 Nf6 2. Nf3 g6 3. Bg5 Bg7 4. Nbd2 O-O 5. c3 d5 6. e3 c6 7. Be2 Nbd7 8. O-O
Re8 9. c4 a6 10. Rc1 h6 11. Bh4 b5 12. cxd5 cxd5 13. Bg3 Nh5 14. Bc7 1-0

[Event "M.Botvinnik Memorial 2012"]
[Site "St. Petersburg, Russia"]
[Date "2012.08.26"]
[Round "2.59"]
[White "Fokin, Anatoly"]
[Black "Puraev, Artemiy"]
[Result "0-1"]
[WhiteElo "1803"]
[BlackElo "2183"]
[PlyCount "110"]
[EventDate "2012.08.25"]

1. d4 e6 2. c4 d5 3. Nc3 Nf6 4. Bg5 Be7 5. e3 O-O 6. Bd3 dxc4 7. Bxc4 a6 8. a3
b5 9. Bd3 Bb7 10. Nf3 Nbd7 11. O-O c5 12. Rc1 Rc8 13. Re1 h6 14. Bh4 cxd4 15.
exd4 Nd5 16. Bxe7 Qxe7 17. Nxd5 Bxd5 18. Be4 Nf6 19. Bxd5 Nxd5 20. b4 Rfd8 21.
Rc5 Rxc5 22. bxc5 a5 23. Qb3 Qb7 24. Rb1 b4 25. Ne5 Nf4 26. c6 Qc7 27. Qc4 Rxd4
28. Qb5 Nd5 29. Re1 bxa3 30. Nc4 a2 31. g3 Nb4 32. Qxa5 Qxc6 33. Qxb4 Rxc4 34.
Qa3 Ra4 35. Qb2 Ra8 36. Ra1 Qd5 37. h4 e5 38. Qc3 Qd4 39. Qxd4 exd4 40. Kf1 f5
41. Ke2 Kf7 42. Kd3 Ra4 43. Kc2 Ke6 44. Kb3 Ra8 45. Kc4 Ke5 46. Re1+ Kd6 47.
Ra1 Kc6 48. Kxd4 Kb5 49. Kc3 g5 50. hxg5 hxg5 51. Kb3 g4 52. Kc3 Kc5 53. Kb2
Kb4 54. Kc2 Kc4 55. Kb2 Kd3 0-1

[Event "M.Botvinnik Memorial 2012"]
[Site "St. Petersburg, Russia"]
[Date "2012.08.26"]
[Round "2.60"]
[White "Rozhko, Dmitry"]
[Black "Veelenturf, Wim"]
[Result "1-0"]
[WhiteElo "2388"]
[BlackElo "1690"]
[PlyCount "51"]
[EventDate "2012.08.25"]

1. d4 d5 2. Nf3 Nf6 3. c4 c6 4. cxd5 cxd5 5. Nc3 e6 6. Bf4 Bd6 7. Bxd6 Qxd6 8.
e3 O-O 9. Bd3 h6 10. Ne5 a6 11. O-O Nfd7 12. f4 f5 13. g4 Nxe5 14. fxe5 Qd8 15.
Qf3 Qg5 16. Kh1 Qxg4 17. Qxg4 fxg4 18. Bh7+ Kxh7 19. Rxf8 Nd7 20. Rd8 Nb6 21.
Rf1 Bd7 22. Rxa8 Nxa8 23. Kg2 Kg8 24. Kg3 h5 25. Kh4 Be8 26. e4 1-0

[Event "M.Botvinnik Memorial 2012"]
[Site "St. Petersburg, Russia"]
[Date "2012.08.26"]
[Round "2.61"]
[White "Sazonova, Anastasia"]
[Black "Ponfilenok, Vladimir"]
[Result "0-1"]
[WhiteElo "2002"]
[BlackElo "2392"]
[PlyCount "118"]
[EventDate "2012.08.25"]

1. e4 e6 2. d3 d5 3. Qe2 Nc6 4. Nf3 dxe4 5. dxe4 e5 6. Nbd2 Nf6 7. g3 Bc5 8.
Bg2 O-O 9. O-O a5 10. b3 Qe7 11. Bb2 b6 12. Rad1 Ba6 13. c4 Rad8 14. Kh1 Bb7
15. Nh4 g6 16. Nb1 Nd4 17. Qe1 Rd7 18. Nc3 Bb4 19. Qe3 Ng4 20. Qc1 Bxc3 21.
Bxc3 Rfd8 22. h3 Nf6 23. Qe3 c5 24. Rd2 Nh5 25. Rfd1 Bc6 26. Bf3 Ng7 27. Bg2
Nge6 28. Bxd4 Rxd4 29. Rxd4 Rxd4 30. Rxd4 cxd4 31. Qe2 Qg5 32. Nf3 Qc1+ 33. Kh2
f6 34. Ne1 Nc5 35. f3 Qc3 36. Bf1 a4 37. bxa4 Bxa4 38. Kg2 Bc2 39. Qxc2 Qxe1
40. Qe2 Qc1 41. f4 exf4 42. Qg4 Qd2+ 43. Kh1 fxg3 44. Qc8+ Kg7 45. Qc7+ Kh6 46.
Qxg3 Qe3 47. Qxe3+ dxe3 48. Kg2 Nxe4 49. Bd3 Nc3 50. a3 f5 51. Kf3 f4 52. a4
Nxa4 53. Kxf4 Kh5 54. Kxe3 Kh4 55. Bf1 Kg3 56. Kd4 Nc5 57. Ke3 g5 58. Ke2 h5
59. Ke3 h4 0-1

[Event "M.Botvinnik Memorial 2012"]
[Site "St. Petersburg, Russia"]
[Date "2012.08.26"]
[Round "2.62"]
[White "Rjanova, Valery"]
[Black "Kharchenko, Daniil"]
[Result "1-0"]
[WhiteElo "2208"]
[BlackElo "2006"]
[PlyCount "63"]
[EventDate "2012.08.25"]

1. e4 c5 2. Nc3 Nc6 3. Bb5 Nd4 4. Bc4 g6 5. Nf3 Bg7 6. Nxd4 cxd4 7. Qf3 e6 8.
Nb5 Be5 9. c3 dxc3 10. bxc3 a6 11. Na3 b5 12. d4 Bg7 13. Bd3 Qa5 14. Nc2 Bxd4
15. O-O Bxc3 16. Rb1 Be5 17. Ba3 d6 18. Qe3 Qd8 19. f4 Bg7 20. Rbd1 Bb7 21.
Bxd6 f6 22. f5 Bc8 23. e5 gxf5 24. Be2 Ne7 25. Bf3 Bd7 26. Bxa8 Qxa8 27. Bxe7
Kxe7 28. Qc5+ Ke8 29. Rxd7 Kxd7 30. Qd6+ Kc8 31. Rc1 Qd5 32. Nb4+ 1-0

[Event "M.Botvinnik Memorial 2012"]
[Site "St. Petersburg, Russia"]
[Date "2012.08.26"]
[Round "2.63"]
[White "Dushin, Nikolay"]
[Black "Savinov, Leonid"]
[Result "1-0"]
[WhiteElo "1998"]
[BlackElo "2208"]
[PlyCount "91"]
[EventDate "2012.08.25"]

1. d4 d5 2. Nf3 Nf6 3. c4 e6 4. cxd5 Qxd5 5. Nc3 Qa5 6. Bd2 Qf5 7. h3 Ne4 8.
Nxe4 Qxe4 9. e3 Be7 10. Bc3 O-O 11. Bd3 Qd5 12. e4 Qd8 13. O-O c5 14. dxc5 Bxc5
15. Rc1 b6 16. Qe2 a5 17. Rfd1 Qe7 18. e5 Bb7 19. a3 Na6 20. Bd2 a4 21. Ng5 h6
22. Ne4 Qh4 23. Rc4 Bxe4 24. Rxe4 Qxf2+ 25. Qxf2 Bxf2+ 26. Kxf2 Nc5 27. Rd4 Nb3
28. Rd6 Nc5 29. Bc2 Rfc8 30. Bc3 b5 31. Bb1 g6 32. Ke3 Kg7 33. Rb6 Rab8 34.
Rxb8 Rxb8 35. Rd6 Nb3 36. Bd3 g5 37. Bb4 Nc1 38. Be4 Na2 39. Rd7 Nxb4 40. axb4
Rc8 41. Rb7 a3 42. bxa3 Rc3+ 43. Kd4 Rxa3 44. Rxb5 f5 45. exf6+ Kxf6 46. Rb6
1-0

[Event "M.Botvinnik Memorial 2012"]
[Site "St. Petersburg, Russia"]
[Date "2012.08.26"]
[Round "2.64"]
[White "Bezgodova, Maria"]
[Black "Van Den Ouden, Lendert"]
[Result "1/2-1/2"]
[WhiteElo "2206"]
[BlackElo "2000"]
[PlyCount "91"]
[EventDate "2012.08.25"]

1. e4 c6 2. d4 d5 3. Nd2 dxe4 4. Nxe4 Bf5 5. Ng3 Bg6 6. h4 h6 7. Nf3 Nd7 8. h5
Bh7 9. Bd3 Bxd3 10. Qxd3 Qc7 11. Bd2 Ngf6 12. O-O-O e6 13. Qe2 O-O-O 14. Ne5
Nxe5 15. dxe5 Nd7 16. f4 Be7 17. c4 Nc5 18. Be3 Rxd1+ 19. Rxd1 Rd8 20. Rxd8+
Qxd8 21. Qd2 Nd3+ 22. Kc2 Nb4+ 23. Kb1 Qxd2 24. Bxd2 Nd3 25. Kc2 Nc5 26. b4 Bh4
27. Ne2 Ne4 28. Be3 Ng3 29. Nc3 Be7 30. b5 a6 31. bxc6 bxc6 32. Kd3 f5 33. exf6
gxf6 34. Ne2 Nxh5 35. f5 Ng7 36. fxe6 Nxe6 37. Bxh6 Bd6 38. Ke4 Be5 39. Be3 Kd7
40. Nc1 Bb2 41. Nd3 Bc3 42. Bf2 Ke7 43. Nc5 Nxc5+ 44. Bxc5+ Ke6 45. g4 Bb2 46.
Bb4 1/2-1/2

[Event "M.Botvinnik Memorial 2012"]
[Site "St. Petersburg, Russia"]
[Date "2012.08.26"]
[Round "2.65"]
[White "Tselkovskiy, Kirill"]
[Black "Bulatov, Ramil"]
[Result "0-1"]
[WhiteElo "1991"]
[BlackElo "2205"]
[PlyCount "76"]
[EventDate "2012.08.25"]

1. e4 e6 2. d4 d5 3. Nc3 Nf6 4. e5 Nfd7 5. Nf3 c5 6. dxc5 Nc6 7. Bf4 Bxc5 8.
Bd3 f6 9. exf6 Qxf6 10. Bg3 O-O 11. O-O Nd4 12. Nxd4 Bxd4 13. Qd2 Nb6 14. Rad1
Bxc3 15. bxc3 Bd7 16. Rfe1 Bc6 17. Be5 Qf7 18. Re3 Nd7 19. Bd4 e5 20. Bxe5 Nxe5
21. Rxe5 Qf4 22. Qxf4 Rxf4 23. Be2 Ra4 24. Bf3 Rd8 25. Re7 Rxa2 26. c4 d4 27.
Rde1 Rxc2 28. Kf1 Rf8 29. R7e2 Rxc4 30. Bxc6 bxc6 31. Ra2 d3 32. Rxa7 Rd8 33.
Rd1 c5 34. Rc7 Rc2 35. Re1 c4 36. g4 d2 37. Rd1 Rc1 38. Ke2 c3 0-1

[Event "M.Botvinnik Memorial 2012"]
[Site "St. Petersburg, Russia"]
[Date "2012.08.26"]
[Round "2.66"]
[White "Lupik, Marina"]
[Black "Belov, Nikita"]
[Result "1-0"]
[WhiteElo "2197"]
[BlackElo "1992"]
[PlyCount "99"]
[EventDate "2012.08.25"]

1. e4 e6 2. d4 d5 3. exd5 exd5 4. Nf3 Nf6 5. Bd3 Bd6 6. O-O O-O 7. Bg5 h6 8.
Bh4 Nbd7 9. Nbd2 b6 10. c4 c6 11. Re1 Re8 12. Qb3 Bb7 13. cxd5 cxd5 14. Bb5 Qc7
15. Rec1 Qd8 16. Bxf6 gxf6 17. Nh4 Bf4 18. Rd1 a6 19. Bf1 Nf8 20. Qf3 Bg5 21.
Nf5 Ng6 22. g3 Bc8 23. h4 Bxd2 24. Rxd2 Bxf5 25. Qxf5 Qd6 26. Bd3 Qe6 27. Qh5
Kg7 28. Bf5 Qd6 29. Qg4 Kh8 30. Bxg6 Rg8 31. h5 fxg6 32. hxg6 Rae8 33. Rc2 Re4
34. Qh5 Kg7 35. Rac1 Rge8 36. Rc7+ R4e7 37. R7c6 Re1+ 38. Kg2 Qd8 39. Rc7+ R8e7
40. Rxe7+ Rxe7 41. Rh1 Qh8 42. Qxd5 Kxg6 43. Qh5+ Kg7 44. Rh4 Rf7 45. Rg4+ Kf8
46. Qd5 Re7 47. Qd8+ Re8 48. Qxb6 Kf7 49. d5 Qh7 50. d6 1-0

[Event "M.Botvinnik Memorial 2012"]
[Site "St. Petersburg, Russia"]
[Date "2012.08.26"]
[Round "2.67"]
[White "Shirokov, Alexander"]
[Black "Suslova, Alena"]
[Result "0-1"]
[WhiteElo "1972"]
[BlackElo "2196"]
[PlyCount "74"]
[EventDate "2012.08.25"]

1. d4 Nf6 2. c4 g6 3. Nc3 Bg7 4. e4 d6 5. f3 O-O 6. Be3 b6 7. Bd3 a6 8. Nge2 c5
9. O-O Nc6 10. Bc2 Rb8 11. Qd2 Nd7 12. a4 Nb4 13. Bb1 Qc7 14. Nd5 Nxd5 15. cxd5
Bb7 16. Rc1 Rfc8 17. Ra3 b5 18. b4 Nb6 19. dxc5 Nc4 20. Rxc4 bxc4 21. a5 dxc5
22. Bxc5 Be5 23. Bb6 Qd7 24. f4 Bc7 25. Bd4 Bd6 26. Rh3 Ba8 27. Bc3 Bxb4 28.
Bxb4 Qb5 29. Nc3 Qxb4 30. f5 Qc5+ 31. Kf1 h5 32. Qh6 Qd6 33. Rg3 Qf6 34. Ke1
Rb2 35. Qc1 Rcb8 36. Bc2 Kg7 37. Rf3 Qh4+ 0-1

[Event "M.Botvinnik Memorial 2012"]
[Site "St. Petersburg, Russia"]
[Date "2012.08.26"]
[Round "2.68"]
[White "Palchun, Grigory"]
[Black "Chuprova, Irina"]
[Result "1-0"]
[WhiteElo "2189"]
[BlackElo "1972"]
[PlyCount "99"]
[EventDate "2012.08.25"]

1. e4 c5 2. Nc3 Nc6 3. g3 g6 4. Bg2 Bg7 5. d3 e6 6. f4 Nge7 7. Nf3 O-O 8. O-O
b6 9. Be3 d5 10. Bf2 d4 11. Ne2 e5 12. h3 Ba6 13. b3 b5 14. Nh4 Rc8 15. f5 f6
16. fxg6 hxg6 17. g4 c4 18. Be1 Bh6 19. Bd2 Bxd2 20. Qxd2 Kg7 21. g5 Ng8 22.
gxf6+ Rxf6 23. Nf3 Qe7 24. Ng3 Nh6 25. h4 c3 26. Qg5 Rf7 27. Qc1 Ng4 28. h5 Ne3
29. hxg6 Nxf1 30. Kxf1 Rff8 31. Nf5+ Rxf5 32. exf5 Qf6 33. Bh3 Rh8 34. Kg2 Ne7
35. Qg5 Nd5 36. Kg3 Bb7 37. Qxf6+ Kxf6 38. Nh2 Nf4 39. Bg4 Bc8 40. Re1 Bxf5 41.
g7 Rg8 42. Bxf5 Kxf5 43. Ng4 Nh5+ 44. Kh4 Rxg7 45. Rxe5+ Kf4 46. Re4+ Kf3 47.
Kxh5 Rh7+ 48. Kg6 Rh1 49. Ne5+ Kf2 50. Nc6 1-0

[Event "M.Botvinnik Memorial 2012"]
[Site "St. Petersburg, Russia"]
[Date "2012.08.26"]
[Round "2.69"]
[White "Chernyak, Viktoria"]
[Black "Dotsenko, Sergey"]
[Result "0-1"]
[WhiteElo "1933"]
[BlackElo "2188"]
[PlyCount "118"]
[EventDate "2012.08.25"]

1. e4 e5 2. Nf3 Nc6 3. Bb5 a6 4. Bxc6 dxc6 5. O-O f6 6. d4 exd4 7. Nxd4 c5 8.
Nf5 Qxd1 9. Rxd1 Bxf5 10. exf5 Bd6 11. Nd2 O-O-O 12. g3 Ne7 13. Nc4 Nxf5 14. c3
Rhe8 15. Ne3 Ne7 16. Bd2 Nc6 17. Kg2 Ne5 18. Be1 Bf8 19. b3 Rd3 20. Rxd3 Nxd3
21. a4 g6 22. Kf1 Bh6 23. Rd1 Nxe1 24. Rxe1 Bxe3 25. fxe3 Re4 26. Ke2 c4 27. b4
a5 28. bxa5 Re5 29. Rb1 Rxa5 30. Rb4 Rc5 31. e4 b6 32. Ke3 Kb7 33. h4 h5 34.
Kd4 Re5 35. Ke3 c5 36. Rb5 Kc6 37. Kf4 Re8 38. Rb1 Rd8 39. Ra1 Rd3 40. Ra3 Kd6
41. g4 hxg4 42. Kxg4 Ke5 43. a5 bxa5 44. Rxa5 Kxe4 45. Rxc5 Rxc3 46. h5 f5+ 47.
Kg5 gxh5 48. Kxh5 f4 49. Kg4 Rg3+ 50. Kh4 c3 51. Rc4+ Ke5 52. Rc8 Kd4 53. Rf8
Rg7 54. Rxf4+ Kd3 55. Rf8 c2 56. Rd8+ Kc3 57. Rc8+ Kd2 58. Rd8+ Kc1 59. Kh3 Rb7
0-1

[Event "M.Botvinnik Memorial 2012"]
[Site "St. Petersburg, Russia"]
[Date "2012.08.26"]
[Round "2.70"]
[White "Matsenko, Andrei"]
[Black "Andreeva, Yulia"]
[Result "1-0"]
[WhiteElo "2188"]
[BlackElo "1928"]
[PlyCount "107"]
[EventDate "2012.08.25"]

1. e4 c5 2. Nf3 d6 3. d4 Nf6 4. Nc3 cxd4 5. Nxd4 a6 6. Be2 e5 7. Nb3 Be7 8. O-O
Be6 9. Kh1 Nbd7 10. f4 b5 11. Bf3 O-O 12. Re1 Rc8 13. Nd5 exf4 14. Bxf4 Ne5 15.
Nd4 Nxf3 16. Qxf3 Rc4 17. c3 Kh8 18. Nxe7 Qxe7 19. Bg5 b4 20. e5 dxe5 21. Rxe5
bxc3 22. bxc3 h6 23. Nf5 Qc7 24. Bxf6 Bxf5 25. Qxf5 gxf6 26. Qxf6+ Kg8 27. Rf1
Rc6 28. Qf5 Rg6 29. Re3 Qc4 30. Qf2 Rd8 31. Re7 Rd2 32. Qf3 Rgxg2 33. Qa8+ Kg7
34. Rexf7+ Qxf7 35. Qxg2+ Rxg2 36. Rxf7+ Kxf7 37. Kxg2 Ke6 38. Kf3 Kd5 39. Ke3
Kc4 40. Kd2 h5 41. h4 Kc5 42. Kd3 Kd5 43. c4+ Kc5 44. Kc3 Kc6 45. Kd4 Kd6 46.
c5+ Kc6 47. a4 Kd7 48. Kd5 Kc7 49. c6 Kd8 50. Kc5 Kc7 51. a5 Kc8 52. Kb6 Kb8
53. Kxa6 Ka8 54. Kb6 1-0

[Event "M.Botvinnik Memorial 2012"]
[Site "St. Petersburg, Russia"]
[Date "2012.08.26"]
[Round "2.71"]
[White "Katyshkina, Anastasia"]
[Black "Pimenov, Revolt"]
[Result "0-1"]
[WhiteElo "1923"]
[BlackElo "2186"]
[PlyCount "134"]
[EventDate "2012.08.25"]

1. Nf3 b5 2. g3 Nf6 3. Bg2 Bb7 4. d4 g6 5. b3 Bg7 6. Bb2 O-O 7. O-O d6 8. Na3
a6 9. c4 c6 10. Rc1 Nbd7 11. Re1 c5 12. d5 bxc4 13. bxc4 Rb8 14. Qc2 Qa5 15.
Rb1 Bc8 16. Bc1 Nb6 17. Bd2 Qxa3 18. Bc1 Bf5 19. e4 Bxe4 20. Rxe4 Qa4 21. Qxa4
Nxa4 22. Rxb8 Rxb8 23. Rxe7 Rb1 24. Re1 Nb6 25. Bf1 Kf8 26. Nd2 Ra1 27. a3 Nfd7
28. Nb3 Rb1 29. Nd2 Ra1 30. Nb3 Rb1 31. Nd2 Bc3 32. Nxb1 Bxe1 33. Bd2 Bxd2 34.
Nxd2 f5 35. f4 Nf6 36. Kg2 Ng4 37. Bd3 Ke7 38. h3 Ne3+ 39. Kf3 Nd1 40. g4 Nb2
41. Be2 h6 42. Kg3 Kf6 43. gxf5 Kxf5 44. Bg4+ Kf6 45. Be2 Ke7 46. Kg4 Nd7 47.
Ne4 Nf6+ 48. Kf3 Nxe4 49. Kxe4 Kf6 50. h4 Na4 51. Bg4 Nb2 52. Be2 Kf7 53. Ke3
Ke7 54. Kf3 Kf6 55. Ke4 Ke7 56. Kf3 Na4 57. Ke3 Nb6 58. Kf3 Kf6 59. Ke4 Nc8 60.
Bd3 Ne7 61. Ke3 Nf5+ 62. Bxf5 Kxf5 63. Kf3 h5 64. a4 a5 65. Ke3 Kg4 66. Ke4
Kxh4 67. f5 Kg5 0-1